|
|
|
|
| LEADER |
01057cam a2200301Ia 4500 |
| 001 |
9780203204863 |
| 003 |
FlBoTFG |
| 005 |
20091230162920.0 |
| 006 |
a|||||s||||||||||| |
| 007 |
cr|||| |
| 008 |
930316s1994 enkab sb 001 0 eng d |
| 020 |
|
|
|a 9780203204863 (e-book : PDF)
|
| 040 |
|
|
|a FlBoTFG
|c FlBoTFG
|d GrThAP
|
| 043 |
|
|
|a a-is---
|
| 090 |
|
|
|a HC415.25
|b .S25 1994
|
| 092 |
|
|
|a 330.93305
|b S128
|
| 100 |
1 |
|
|a Safrai, Zeev.
|
| 245 |
1 |
4 |
|a The economy of Roman Palestine
|h [electronic resource] /
|c Ze'ev Safrai.
|
| 260 |
|
|
|a London ;
|a New York :
|b Routledge,
|c 1994.
|
| 300 |
|
|
|a xii, 500 p. :
|b ill., maps.
|
| 504 |
|
|
|a Includes bibliographical references (p. 468-490) and index.
|
| 530 |
|
|
|a Also available in print edition.
|b CRC Press (http://www.crcpress.com)
|
| 538 |
|
|
|a Mode of access: World Wide Web.
|
| 651 |
|
0 |
|a Palestine
|x Economic conditions.
|
| 651 |
|
0 |
|a Palestine
|x History
|y 70-638.
|
| 655 |
|
7 |
|a Electronic books.
|2 lcsh
|
| 776 |
1 |
|
|z 9780415102438
|
| 856 |
4 |
0 |
|u http://www.tandfebooks.com/isbn/9780203204863
|z Full Text via HEAL-Link
|